000 00507nam a22001815i 4500
001 48519
003 ES-MaACL
005 20230906161751.0
007 t|
008 950724s1876 fr ||||1| fre d
100 1 _aDelon, C.
_943561
245 1 3 _aLe fer, la fonte et l'acier /
_cpar C. Delon.
260 _aParis :
_bLibrairie Hachette et Cie.,
_c1876.
300 _a188 p. ;
_c16 cm.
650 0 4 _aHierro-
_xFundición.
_9162668
650 _aAcero-
_xMetalurgia.
_9164963
852 _aES-MaACL
_jT-644-F-4
999 _c48519
_d48519